Think on these things and other papers. (Record no. 12671)

000 -LEADER
fixed length control field 00585nam a2200193 a 4500
001 - CONTROL NUMBER
control field :::00010485$&:&@@
003 - CONTROL NUMBER IDENTIFIER
control field OkBaRHE
005 - DATE AND TIME OF LATEST TRANSACTION
control field 20000607103359.0
008 - FIXED-LENGTH DATA ELEMENTS--GENERAL INFORMATION
fixed length control field s1946 j 000 0 eng u
040 ## - CATALOGING SOURCE
Transcribing agency
100 1# - MAIN ENTRY--PERSONAL NAME
Personal name Loizeaux, Alfred S.
245 10 - TITLE STATEMENT
Title Think on these things and other papers.
250 ## - EDITION STATEMENT
Edition statement [1st ed.]
260 ## - PUBLICATION, DISTRIBUTION, ETC. (IMPRINT)
Place of publication, distribution, etc New York, NY., :
Name of publisher, distributor, etc Loizeaux Brothers
Date of publication, distribution, etc 1946
300 ## - PHYSICAL DESCRIPTION
Extent 107 p. : illus. ;
Dimensions 19 cm.
650 ## - SUBJECT ADDED ENTRY--TOPICAL TERM
Topical term or geographic name as entry element Christian Life
942 ## - ADDED ENTRY ELEMENTS (KOHA)
Source of classification or shelving scheme
Koha item type Books
Copies
Source of classification or shelving scheme Koha item type Copy number Withdrawn status Damaged status Not for loan Price effective from Date last seen Lost status Barcode Permanent Location Shelving location Full call number Date acquired
 Books1   2010-04-142010-04-14 10485RHEMA Bible Training CollegeGeneral StacksBV 4501 .L5242010-04-14